000 00769nam a22002777a 4500
001 BR0503445
003 BR-BrBNA
005 20230928101934.0
007 ta
008 230509b bl.||||| |||| 00| 0 por d
040 _aBR-BrBNA
_bpor
_cBiblioteca Nacional de Agricultura
041 _a(Por)
072 _aE40
090 _ E40 BR0503445
110 1 _aOrganização das Cooperativas Brasileiras, Brasília, DF (Brasil)
245 1 _aRelatório de gestão 2001-2004
260 3 _aBrasília, DF (Brasil):
_c2004.
300 _a60 p.
500 _a12 tables; 18 illus.
650 _aCOOPERATIVA
650 _aADMINISTRAÇÃO
650 _aDESENVOLVIMENTO COOPERATIVISTA
650 _aCONTABILIDADE
909 _a202309
_bLucia
_c55
_dLucia Elande
942 _cBK
999 _c68318
_d68318